| Tag |
First Indicator |
Second Indicator |
Subfields |
| LEADER |
00000cam a2200000 a 4500 |
| 001 |
in00001528821 |
| 005 |
20151021175738.0 |
| 008 |
000308s1999 gw a b 001 0 eng |
| 010 |
|
|
|a 99049591
|
| 020 |
|
|
|a 3540666303 (pbk. : acid-free paper)
|
| 035 |
|
|
|a (OCoLC)42476079
|
| 040 |
|
|
|a DLC
|c DLC
|d TXA
|d UtOrBLW
|
| 049 |
|
|
|a TXAM
|
| 050 |
0 |
0 |
|a QA3
|b .L28 no. 1719
|a QA614.83
|
| 082 |
0 |
0 |
|a 510 s
|a 530.14/4
|2 21
|
| 100 |
1 |
|
|a Meyer, Kenneth R.
|q (Kenneth Ray),
|d 1937-
|
| 245 |
1 |
0 |
|a Periodic solutions of the N-body problem /
|c Kenneth R. Meyer.
|
| 264 |
|
1 |
|a Berlin ;
|a New York :
|b Springer,
|c [1999]
|
| 264 |
|
4 |
|c ©1999
|
| 300 |
|
|
|a ix, 144 pages :
|b illustrations ;
|c 24 cm.
|
| 336 |
|
|
|a text
|b txt
|2 rdacontent
|
| 337 |
|
|
|a unmediated
|b n
|2 rdamedia
|
| 338 |
|
|
|a volume
|b nc
|2 rdacarrier
|
| 490 |
1 |
|
|a Lecture notes in mathematics,
|x 0075-8434 ;
|v 1719
|
| 504 |
|
|
|a Includes bibliographical references (pages [139]-142) and index.
|
| 650 |
|
0 |
|a Hamiltonian systems.
|
| 650 |
|
0 |
|a Many-body problem
|x Numerical solutions.
|
| 830 |
|
0 |
|a Lecture notes in mathematics (Springer-Verlag) ;
|v 1719.
|
| 948 |
|
|
|a cataloged
|b h
|c 2000/3/8
|d c
|e dmitchell
|f 2:23:06 pm
|
| 994 |
|
|
|a E0
|b TXA
|
| 999 |
|
|
|a MARS
|
| 999 |
f |
f |
|s 28ba46dc-477e-3bdb-a53d-9e5612af728f
|i 558f4a79-9d2c-3762-a58a-e25e5338eadc
|t 0
|
| 952 |
f |
f |
|p ric
|a Texas A&M University
|b Rellis Campus
|c Joint Library Facility
|d Remote Storage
|t 0
|e QA3 .L28 no. 1719
|h Library of Congress classification
|i unmediated -- volume
|m A14825821630
|
| 998 |
f |
f |
|a QA3 .L28 no. 1719
|t 0
|l Remote Storage
|